000 00435nam a2200181Ia 4500
001 23912
005 20260414151009.0
008 260414t2014||||xx |||||||||||||| ||spa||
041 _aESP
082 _a720.985
_bA177 V. 1
100 _aElmore, Teodoro
_eAUT
245 0 _aLecciones de arquitectura
_b
260 _c2014
300 _avarias paginaciones :
_c20 cm.
650 _aABD
654 _aCAU
942 _cLIB
_dJUS
_fJUS
_2ddc
_n
999 _c23912
_d23912